La náusea /

Guardado en:
Autor Principal: Sartre, Jean Paul
Formato: Libro
Publicado: Buenos Aires : Losada, 1972
Edición:13a. ed.
Etiquetas: Agregar Etiqueta
Sin Etiquetas, Sea el primero en etiquetar este registro!
LEADER 00410nam a22001575a 4500
001 CEM.cems005845
005 20060214000000.0
008 130507s1972##################000#0#####d
003 CEMS
082 0 4 |a 843.9 
100 1 |a Sartre, Jean Paul 
245 1 0 |a La náusea / 
250 |a 13a. ed. 
260 |a Buenos Aires :  |b Losada,  |c 1972 
300 |a 198 p.1 
859 |a CEMS  |b BIB. CEMS - 11 de abril  |h 843.9  |i Sa77a13  |p 14547.87  |t Ej.1